[Event "RUS-ch sf"]
[Site "Orsk"]
[Date "2000.??.??"]
[Round "6"]
[White "Khamatgaleev, Alexej"]
[Black "Artes, Sergey"]
[Result "1/2-1/2"]
[WhiteElo "2420"]
[BlackElo "2296"]
[PlyCount "90"]
[EventDate "2000.??.??"]
[EventType "swiss"]
[EventRounds "11"]
[EventCountry "RUS"]
[SourceTitle "EXT 2001"]
[Source "ChessBase"]
[SourceDate "2000.11.22"]
[SourceVersion "1"]
[SourceVersionDate "2000.11.22"]
[SourceQuality "1"]

1. e4 c6 2. d4 d5 3. exd5 cxd5 4. c4 Nf6 5. Nc3 g6 6. cxd5 Nxd5 7. Qb3 Nb6 8. Bb5+ Bd7 9. Nf3 Bg7 10. 0-0 0-0 11. Bxd7 Qxd7 12. a4 Nc6 13. a5 Nc8 14. d5 Nd4 15. Nxd4 Bxd4 16. Ra4 Bg7 17. Rb4 Nd6 18. Nb5 Nf5 19. Nc3 Qc7 20. Rxb7 Qxa5 21. Bg5 Rac8 22. Nb5 a6 23. Na7 Nd4 24. Qb6 Qxb6 25. Rxb6 Rc7 26. Rxa6 h6 27. Be3 Ra8 28. Rfa1 Rb7 29. Nc6 Rxa6 30. Rxa6 Rxb2 31. g4 Nxc6 32. dxc6 Rc2 33. Kg2 Be5 34. h3 f6 35. Kf3 Kf7 36. Ke4 Ke6 37. f4 Bd6 38. f5+ gxf5+ 39. gxf5+ Kf7 40. Bxh6 Rc4+ 41. Kd3 Rh4 42. Bd2 Rxh3+ 43. Kc4 Rh4+ 44. Kd3 Rh3+ 45. Kc4 Rh4+ 1/2-1/2